| 000 | 00539nam a2200229Ia 4500 | ||
|---|---|---|---|
| 003 | OSt | ||
| 005 | 20220411143802.0 | ||
| 008 | 210719s1990 xx 000 0 und d | ||
| 020 | _a8185392757 | ||
| 040 |
_aAL _c |
||
| 041 | _aeng | ||
| 082 | _a070.43 MENB | ||
| 100 |
_aMENCHER (Melvin) _929216 |
||
| 245 | _aBasic news writing | ||
| 250 | _a3 | ||
| 260 |
_aNew Delhi _bUniversal Book Stall _c1990 |
||
| 300 |
_axvii,488 _bPB |
||
| 365 |
_b95 _cRs |
||
| 650 |
_aJournalism _929217 |
||
| 906 | _aNews Writing | ||
| 942 |
_2ddc _cBK |
||
| 999 |
_c214173 _d214173 |
||